1265 1892 1498 1633 1246 1995 1619 1443 1237 1067 1567 1543 1004 1546 1240 1014 1946 1197 1969 1600 1543 1619 1734 1412 1969 1569 1233 1388 1389 1335 1068 1134 1255 1457 1161 1438 1651 1866 1119 1355 1758 1622 1035 1228 1945 1054 1913 1025 1521 1391 1539 1387 1887 1575 1530 1092 1854 1278 1726 1314 1069 1683 1558 1148 1191 1762 1368 1920 1401 1260 1424 1219 1067 1166 1004 1463 1850 1054 1854 1487 1743 1774 1397 1365 1188 1731 1979 1891 1448 1839 1538 1526 1446 1797 1784 1344 1533 1637 1812 BCNSPRNW ULIB Ver.6.0+V

เปลี่ยนเป็นภาษาไทย

Change to English
 แสดงรายละเอียดบรรณานุกรม
  กลับหน้าหลัก

Brief Record : Get Marc (ISO 2709) : E-mail record : QR code < ปิดหน้าต่าง
LEADER : 00000nam 2200000uu 4500
001    13399128995
003     ULIB
008    250501s2567||||th 000 0 tha d
020  & ^a9786166020731
020  & ^a6166020732
060  & ^aWY157^bป645ก
245 00 ^aการพยาบาลสูติศาสตร์ : ^bปฏิบัติการพยาบาลผดุงครรภ์ / ^c ปิยะพร ศิษย์กุลอนันต์ บรรณาธิการ.
250  & ^aฉบับพิมพ์ครั้งที่ 7.
260  & ^aa กรุงเทพฯ : ^b สำนักพิมพ์มหาวิทยาลัยธรรมศาสตร์,^c 2567.
300  & ^a209 หน้า : ^b ภาพประกอบ.
505 0  ^aระยะตั้งครรภ์ -- บทที่ 1 การซักประวัติ การฉีดวัคซีนบาดทะยัก การบันทึกข้อมูลเกี่ยวกับการตั้งครรภ์และการคลอด -- บทที่ 2 การตรวจร่างกายสตรีตั้งครรภ์ -- บทที่ 3 การตรวจครรภ์ การคาดคะเนอายุครรภ์ การกำหนดวันคลอด -- บทที่ 4 การตรวจด้วยคลื่นเสียงความถี่สูง -- บทที่ 5 การตรวจคัดกรองทารกในครรภ์กลุ่มอาการดาวน์ -- บทที่ 6 การเจาะน้ำคร่ำ -- บทที่ 7 การตรวจ Non Stress Test: NST -- ระยะคลอด -- บทที่ 8 การให้ยา Oxytocin เพื่อกระตุ้นการเจ็บครรภ์คลอด -- บทที่ 9 การตรวจภายในเพื่อประเมินความก้าวหน้าของการคลอด -- บทที่ 10 การทำคลอดปกติ -- บทที่ 11 การทำคลอดรกและการตรวจรก -- บทที่ 12 การซ่อมแซมแผลฝีเย็บ -- บทที่ 13 การดูแลมารดาในระยะ 2 ชั่วโมงหลังคลอด -- บทที่ 14 การประเมิน APGAR score และการพยาบาลทารกแรกเกิดทันทีที่มีความเสี่ยงสูง -- บทที่ 15 การรับทารกจากห้องผ่าตัด -- บทที่ 16 การดูแลทารกในระยะ 2 ชั่วโมงแรกหลังคลอด -- บทที่ 17 การประเมินสภาพทารกแรกเกิด -- ระยะหลังคลอด -- บทที่ 18 การแช่ก้น -- บทที่ 19 การอบแผลฝีเย็บ -- บทที่ 20 การเลี้ยงลูกด้วยนมแม่ และการป้อนนมทารกด้วยแก้ว -- บทที่ 21 การบีบเก็บน้ำนม -- บทที่ 22 การนวดกระตุ้นการดูดกลืน -- บทที่ 23 การอาบน้ำทารกแรกเกิด -- บทที่ 24 การฉีดยาและวัคซีนในทารกแรกเกิดทันที -- บทที่ 25 การเจาะเลือดทารกแรกเกิดเพื่อตรวจคัดกรองพัฒนาการ -- บทที่ 26 การส่องไฟทารกที่มีภาวะตัวเหลือง -- บทที่ 27 การตรวจหลังคลอดและการตรวจหาเซลล์มะเร็งปากมดลูก.
650 4  ^aการพยาบาลสูติศาสตร์.
700 0  ^aปิยะพร ศิษย์กุลอนันต์.
945    ^p270^l0^i011323
999    ^aประนอม เกษจรัล
รายการนี้ยังไม่มีแท็ก
คุณยังไม่ได้ล็อกอิน คุณสามารถมีกิจกรรมร่วมกับเว็บไซต์ได้ แต่ต้องล็อกอินก่อน ::
  ล็อกอิน

รายการสื่อสารสนเทศ

ลำดับที่ ประเภท เลขเรียก/บาร์โค้ด สถานที่ สถานะ
1. Book การพยาบาล
หนังสือสำรอง
สถานะ=หนังสือสำรอง
WY157 ป645ก ฉ.1 
  Barcode: 011323
ห้องสมุดวิทยาเขตสวรรค์ประชารักษ์
►หนังสือทั่วไป
บนชั้น

รายการใกล้เคียง
    หัวเรื่อง [การพยาบาลสูติศาสตร์.]

BibComment


ยังไม่เคยถูกคอมเมนท์

คอมเมนท์ทรัพยากรรายการนี้
  คอมเมนท์: การพยาบาลสูติศาส..


 Copyright 2026. Bcnsprnw @Library